Люминесценция и преобразование энергии в минералах, керамиках и катализаторах при лазерном и рентгеновском возбуждении: диссертация на соискание ученой степени доктора физико-математических наук

Bibliografiska uppgifter
Huvudupphovsman: Яровой П. Н. Павел Николаевич
Språk:ryska
Publicerad: Ангарск, 2000
Ämnen:
Materialtyp: MixedMaterials Bok
KOHA link:https://koha.lib.tpu.ru/cgi-bin/koha/opac-detail.pl?biblionumber=15019

MARC

LEADER 00000nbm0a2200000 4500
001 15019
005 20231030190003.0
035 |a (RuTPU)RU\TPU\book\15121 
035 |a BOOK00000047 
090 |a 15019 
100 |a 20011209d2000 k y0rusy50 ca 
101 0 |a rus 
102 |a RU 
105 |a a m 000zy 
200 1 |a Люминесценция и преобразование энергии в минералах, керамиках и катализаторах при лазерном и рентгеновском возбуждении  |e диссертация на соискание ученой степени доктора физико-математических наук  |f П. Н. Яровой 
210 |a Ангарск  |d 2000 
215 |a 335 л.  |c ил. 
610 1 |a люминесценция 
610 1 |a энергия 
610 1 |a преобразование 
610 1 |a кристаллы 
610 1 |a минералы 
610 1 |a керамика 
610 1 |a катализаторы 
610 1 |a лазерное возбуждение 
610 1 |a рентгеновское возбуждение 
610 1 |a диссертации 
675 |a 539.2:539.1(04)  |v 3 
700 1 |a Яровой  |b П. Н.  |g Павел Николаевич 
801 0 |a RU  |b 63413507  |c 20011209  |g PSBO 
801 2 |a RU  |b 63413507  |c 20030116  |g PSBO 
942 |c BK